| 000 | 00938cam a22002655i 4500 | ||
|---|---|---|---|
| 999 |
_c17823 _d17795 |
||
| 003 | EG-ScBUE | ||
| 005 | 20200128100955.0 | ||
| 008 | 080913s2013 ua g 000 j ara d | ||
| 017 | _a2008 / 1605 | ||
| 020 | _a9774273443 | ||
| 040 |
_aEG-ScBUE _beng _erda _cEG-ScBUE _dEG-ScBUE |
||
| 082 | 0 | 4 |
_a892.746 _bم ط ا _2 21 |
| 100 | 1 |
_aمطاوع، عبد الوهاب، _d1940-2004، _eمؤلف. _933033 |
|
| 245 | 1 | 0 |
_aأوراق الليل / _cعبد الوهاب مطاوع. |
| 250 | _aالطبعة الثالثة. | ||
| 264 | 1 |
_aالقاهرة : _bالدار المصرية اللبنانية، _c2013. |
|
| 300 |
_a191 صفحة ؛ _c22 سم |
||
| 336 |
_btxt _aنص _2rdacontent |
||
| 337 |
_aبدون وسيط _bn _2rdamedia |
||
| 338 |
_aمجلد _bnc _2rdacarrier |
||
| 650 | 7 |
_aالقصص العربية القصيرة _yقرن 21 _z مصر. _2BUEsh _934595 |
|
| 651 | _2BUEsh | ||
| 653 |
_bARALIT _cDecember2013 |
||
| 942 |
_2ddc _cBB |
||